000 00556nmm a2200193Ia 4500
008 251105s9999||||xx |||||||||||||||||und||
020 _a8495839067
041 _aspa
100 _aCerdán, Josetxo
245 0 _aCecilia Bartolomé : el encanto de la lógica
264 _a[Madrid, España] :
_bOcho y Medio,
_c2001
300 _a102 páginas
490 _aLos olvidados
650 _aFilm studies
700 _aCerdán, Josetxo
700 1 _a Díaz López, Marina (eds.).
856 _uhttps://public.digitaliapublishing.com/a/342
942 _cCF
999 _c63883
_d63883